| 000 | 01096nam a2200289 i 4500 | ||
|---|---|---|---|
| 003 | EG-GICUC | ||
| 005 | 20260226152347.0 | ||
| 008 | 251223s1976 ua ||||fr|||| 00| 0 ara d | ||
| 040 |
_a EG-GICUC _bara _c EG-GICUC _d EG-GICUC _erda |
||
| 041 | 0 | _aara | |
| 082 | 0 | 4 |
_221 _a345.4391 _bم ح . ش |
| 092 | 0 | 4 | _221 |
| 099 | _aLaw1 07 345.4391 م ح . ش 1976 | ||
| 100 | 0 |
_aمحمد فهيم أمين _eمؤلف. |
|
| 245 | 1 | 0 |
_aشرح قانون تصحيح أوضاع العاملين المدنيين بالدولة والقطاع العام وقواعد الرسوب الوظيفي / _cمحمد فهيم أمين. |
| 264 | 1 |
_aالقاهرة : _bعالم الكتب، _c1976. |
|
| 300 |
_a167 ؛ صفحة _c24 سم. |
||
| 336 |
_2rda content _atext |
||
| 337 |
_2rda media _aComputer |
||
| 338 |
_2rda carrier _aOnline Resource |
||
| 546 | _aالنص باللغة العربية | ||
| 650 | 1 | 4 | _aتصحيح أوضاع العاملين |
| 650 | 1 | 4 | _aالقانون الإداري |
| 856 | 4 | 0 | _uhttps://fll.law.cu.edu.eg/fulltext/bks/B07-01763.pdf |
| 905 | _a77 | ||
| 942 |
_2ddc _cBK _e21 _n0 |
||
| 999 |
_c52301 _d52301 |
||